<?xml version="1.0" encoding="UTF-8"?>
<collection xmlns="http://www.loc.gov/MARC21/slim">
 <record>
  <leader>00476nam a22001575a 4500</leader>
  <controlfield tag="001">EHU.bham007732</controlfield>
  <controlfield tag="003">AR-BHAM</controlfield>
  <controlfield tag="005">20091204141736.0</controlfield>
  <controlfield tag="008">130507s1967##################000#0#####d</controlfield>
  <datafield tag="082" ind1="8" ind2="1">
   <subfield code="a">813.307</subfield>
  </datafield>
  <datafield tag="100" ind1="1" ind2=" ">
   <subfield code="a">Staat, Armin</subfield>
  </datafield>
  <datafield tag="245" ind1="1" ind2="0">
   <subfield code="a">Edgar allan poe symbolistische erzählkunst /</subfield>
   <subfield code="c">Armin Staat.</subfield>
  </datafield>
  <datafield tag="260" ind1=" " ind2=" ">
   <subfield code="a">Hidelberg :</subfield>
   <subfield code="b">Carl Winter,</subfield>
   <subfield code="c">1967</subfield>
  </datafield>
  <datafield tag="300" ind1=" " ind2=" ">
   <subfield code="a">180 p.</subfield>
  </datafield>
  <datafield tag="653" ind1=" " ind2=" ">
   <subfield code="a">Novela eeuu-1831-1861</subfield>
  </datafield>
  <datafield tag="859" ind1=" " ind2=" ">
   <subfield code="a">AR-BHAM</subfield>
   <subfield code="b">BIB. HUMANIDADES - General</subfield>
   <subfield code="h">813.307</subfield>
   <subfield code="i">St11</subfield>
   <subfield code="p">99117.69</subfield>
   <subfield code="t">Ej.1</subfield>
  </datafield>
 </record>
</collection>
